Теоретические и прикладные аспекты изучения геохимии титана, фосфора, магния в мезотермальных золотых месторождениях; Ч. 2; Известия Томского политехнического университета [Известия ТПУ]; Т. 307, № 3

Dettagli Bibliografici
Parent link:Известия Томского политехнического университета [Известия ТПУ]/ Томский политехнический университет (ТПУ).— , 2000-
Т. 307, № 3.— 2004.— [С. 35-42]
Autore principale: Кучеренко И. В. Игорь Васильевич
Riassunto:Заглавие с титульного листа
Электронная версия печатной публикации
Показано обогащение фемофильными элементами околорудных метасоматитов и руд месторождений Каралонского, Юбилейного, Верхне-Сакуканского Северного Забайкалья, Сухой Лог Ленского района, Советского Енисейского района и многочисленных мезотермальных золотых месторождений других регионов Земли. Сделан вывод о генерации содержащих упомянутые и другие (золото, платиноиды, ртуть, ванадий) фемофильные элементы флюидов в базальтовых очагах аномальной мантии, - вещество последней наследуют руды и метасоматиты мезотермальных золотых месторождений, а также газы и возгоны вулканов с мантийным питанием. Образование аномалий фосфора и титана обусловлено инверсией щелочного восстановленного режима поднимающихся из мантии флюидов на кислотный окислительный в верхних горизонтах Земной коры. Аномалии фемофильных элементов служат одним из комплекса признаков, используемых для доказательства геолого-генетической однородности оруденения, образованного в углеродисто-сланцевом и несланцевом субстрате, и обоснования концепции образования месторождений рассматриваемой совокупности на завершающем базальтоидном этапе формирования рудопродуцирующих антидромных гранит-долеритовых комплексов. Рекомендуется использовать фосфор-титановые аномалии в прогнозно-поисковых целях.
Lingua:russo
Pubblicazione: 2004
Serie:Естественные науки
Soggetti:
Accesso online:http://www.lib.tpu.ru/fulltext/v/Bulletin_TPU/2004/v307/i3/08.pdf
Natura: MixedMaterials Elettronico Capitolo di libro
KOHA link:https://koha.lib.tpu.ru/cgi-bin/koha/opac-detail.pl?biblionumber=169075

MARC

LEADER 00000nla2a2200000 4500
001 169075
005 20231031163308.0
035 |a (RuTPU)RU\TPU\book\183411 
035 |a RU\TPU\book\183268 
090 |a 169075 
100 |a 20091106d2004 k y0rusy50 ca 
101 0 |a rus 
102 |a RU 
135 |a drnn ---uucaa 
181 0 |a i  
182 0 |a b 
200 1 |a Теоретические и прикладные аспекты изучения геохимии титана, фосфора, магния в мезотермальных золотых месторождениях  |b Электронный ресурс  |h Ч. 2  |f И. В. Кучеренко 
203 |a Текст  |c электронный 
215 |a 1 файл (199 Кб) 
225 1 |a Естественные науки 
230 |a Электронные текстовые данные (1 файл : 199 Кб) 
300 |a Заглавие с титульного листа 
300 |a Электронная версия печатной публикации 
320 |a [Библиогр.: с. 41-42 (63 назв.)] 
330 |a Показано обогащение фемофильными элементами околорудных метасоматитов и руд месторождений Каралонского, Юбилейного, Верхне-Сакуканского Северного Забайкалья, Сухой Лог Ленского района, Советского Енисейского района и многочисленных мезотермальных золотых месторождений других регионов Земли. Сделан вывод о генерации содержащих упомянутые и другие (золото, платиноиды, ртуть, ванадий) фемофильные элементы флюидов в базальтовых очагах аномальной мантии, - вещество последней наследуют руды и метасоматиты мезотермальных золотых месторождений, а также газы и возгоны вулканов с мантийным питанием. Образование аномалий фосфора и титана обусловлено инверсией щелочного восстановленного режима поднимающихся из мантии флюидов на кислотный окислительный в верхних горизонтах Земной коры. Аномалии фемофильных элементов служат одним из комплекса признаков, используемых для доказательства геолого-генетической однородности оруденения, образованного в углеродисто-сланцевом и несланцевом субстрате, и обоснования концепции образования месторождений рассматриваемой совокупности на завершающем базальтоидном этапе формирования рудопродуцирующих антидромных гранит-долеритовых комплексов. Рекомендуется использовать фосфор-титановые аномалии в прогнозно-поисковых целях. 
337 |a Adobe Reader 
461 1 |0 (RuTPU)RU\TPU\book\176237  |t Известия Томского политехнического университета [Известия ТПУ]  |f Томский политехнический университет (ТПУ)  |d 2000- 
463 1 |0 (RuTPU)RU\TPU\book\183391  |t Т. 307, № 3  |v [С. 35-42]  |d 2004  |p 191 с. 
610 1 |a теоретические аспекты 
610 1 |a прикладные аспекты 
610 1 |a изучение 
610 1 |a мезотермальные золотые месторождения 
610 1 |a обогащение 
610 1 |a фемофильные элементы 
610 1 |a околорудные метасоматиты 
610 1 |a руды 
610 1 |a Каралонское месторождение 
610 1 |a Юбилейное месторождение 
610 1 |a Верхне-Сакуканское месторождение 
610 1 |a Северное Забайкалье 
610 1 |a Сухой Лог 
610 1 |a Ленский район 
610 1 |a Енисейский район 
610 1 |a генерация 
610 1 |a флюиды 
610 1 |a базальтовые очаги 
610 1 |a аномальная мантия 
610 1 |a вещества 
610 1 |a газы 
610 1 |a возгоны 
610 1 |a вулканы 
610 1 |a мантийное питание 
610 1 |a аномалии 
610 1 |a инверсия 
610 1 |a окислительные режимы 
610 1 |a верхние горизонты 
610 1 |a земная кора 
610 1 |a признаки 
610 1 |a геолого-генетическая однородность 
610 1 |a оруденение 
610 1 |a углеродисто-сланцевые субстраты 
610 1 |a несланцевые субстраты 
610 1 |a концепция 
610 1 |a базальтоидный этап 
610 1 |a формирование 
610 1 |a рудопродуцирующие комплексы 
610 1 |a антидромные комплексы 
610 1 |a гранит-долеритовые комплексы 
610 1 |a поисковые цели 
610 1 |a труды учёных ТПУ 
610 1 |a электронный ресурс 
610 1 |a титан 
610 1 |a фосфор 
610 1 |a магний 
610 1 |a геохимия 
700 1 |a Кучеренко  |b И. В.  |c российский геолог  |c профессор Томского политехнического университета, доктор геолого-минералогических наук  |f 1937-  |g Игорь Васильевич  |2 stltpush  |3 (RuTPU)RU\TPU\pers\13904 
801 1 |a RU  |b 63413507  |c 20090623  |g PSBO 
801 2 |a RU  |b 63413507  |c 20210603  |g PSBO 
856 4 |u http://www.lib.tpu.ru/fulltext/v/Bulletin_TPU/2004/v307/i3/08.pdf 
942 |c CF